| 000 | 01064nam a22001937a 4500 | ||
|---|---|---|---|
| 008 | 100617t xxu||||| |||| 00| 0 eng d | ||
| 020 | _a9775673690 | ||
| 082 |
_222 _a658.3124 _bخ ا ز |
||
| 100 | 1 |
_914880 _aالخازندار، جمال الدين |
|
| 245 |
_aدليل المدرب الناجح في التدريب والتنمية / _cجمال الدين الخازندار. |
||
| 260 |
_aالقاهرة : _bالمنظمة العربيه للتنمية الإدارية ، _c2007. |
||
| 300 |
_aز، 359 ص : _bايض ؛ _c24 سم. |
||
| 490 |
_914881 _aجامعة الدول العربية _v؛ 442 _xالمنظمة العربية للتنمية الإدارية بحوث ودراسات |
||
| 504 | _aيحتوي علي ارجاعات ببليوجرافية | ||
| 650 | 0 |
_914885 _aالموظفون _xتدريب |
|
| 650 | 0 |
_914888 _a التدريب الوظيفي |
|
| 942 |
_2ddc _cBB |
||
| 999 |
_c14117 _d14117 |
||